| 000 | 00602cam a22002411 4500 | ||
|---|---|---|---|
| 001 | sa 68006513 | ||
| 003 | DLC | ||
| 005 | 20260227112516.0 | ||
| 008 | 950202s1967 ii 000 0 tamo | ||
| 010 | _asa 68006513 | ||
| 025 | _aPL480:I-T-2018 | ||
| 035 | _a(OCoLC)31923537 | ||
| 040 |
_aDLC _cCU _dCU _dDLC |
||
| 042 | _apremarc | ||
| 050 | 0 | 0 |
_aPL4758.9.P853 _bM8 |
| 100 | 1 |
_aIḷantiraiyan̲, Vē., _d1941- |
|
| 245 | 1 | 0 | _aPur̲anān̲ūr̲r̲up pūvaiyar. |
| 260 | _c[1967] | ||
| 300 |
_a81 p. _c18 cm. |
||
| 500 | _aIn Tamil. | ||
| 630 | 0 | 0 | _aPur̲anān̲ūr̲u. |
| 650 | 0 | _aWomen poets. | |
| 999 |
_c81350 _d81350 |
||